Modernizácia verejnej správy na Slovensku (vo svetle systémových súvislostí) - ako ďalej?
Modernizácia verejnej správy a jej princípy. Kvalita verejnej správy. Cesty budúcej verejnej správy na Slovensku. Informatizácia a elektronizácia verejnej správy ako významný nástroj jej modernizácie.
Saved in:
| Main Author: | |
|---|---|
| Format: | Book Chapter |
| Language: | Slovak |
| Subjects: | |
| Tags: |
No Tags, Be the first to tag this record!
|
MARC
| LEADER | 00000naa a2200000 4500 | ||
|---|---|---|---|
| 001 | 0157827 | ||
| 005 | 20231208082129.8 | ||
| 041 | 0 | |a slo | |
| 044 | |a SK | ||
| 245 | 1 | 0 | |a Modernizácia verejnej správy na Slovensku (vo svetle systémových súvislostí) - ako ďalej? |c Dušan Kozovský |
| 520 | |a Modernizácia verejnej správy a jej princípy. Kvalita verejnej správy. Cesty budúcej verejnej správy na Slovensku. Informatizácia a elektronizácia verejnej správy ako významný nástroj jej modernizácie. | ||
| 610 | 2 | 0 | |a modernizácia |
| 610 | 2 | 0 | |a informatizácia |
| 610 | 2 | 0 | |a Slovensko |
| 610 | 2 | 0 | |a správa verejná |
| 610 | 2 | 0 | |a správa verejná elektronická |
| 100 | 1 | |a Kozovský, Dušan | |